00277nam a22001097a 4500020001500000040000900015082001900024100001700043245003900060260002900099650003900128 a0750671718 cNust a621.38853bLON aMark E. Long aThe digital satellite TV Handbook  aBoston:bnewness,c1999. aThe digital satellite TV Handbook